NCAA FBS Missing Team - Statistics

General Stats
  • This quiz has been taken 73 times
  • The average score is 12 of 16
Answer Stats
Schools State Missing School % Correct
Utah, Utah State Utah Brigham Young
100%
Army, Syracuse New York Buffalo
89%
Kentucky, Western Kentucky Kentucky Louisville
89%
Florida, Florida Atlantic, Florida St, Miami, USF, UCF Florida Florida International
83%
Kennesaw St, Georgia, Georgia St, Georgia Tech Georgia Georgia Southern
83%
Illinois, Northern Illinois Illinois Northwestern
83%
Memphis, Middle Tennessee St, Tennessee Tennessee Vanderbilt
83%
Louisiana-Lafayette, Louisiana-Monroe,LSU, Tulane Louisiana Louisiana Tech
79%
Ball St, Indiana, Notre Dame Indiana Purdue
79%
Alabama, Auburn, Jacksonville St,Troy, UAB Alabama South Alabama
79%
California, San Diego St, San Jose St, Stanford,UCLA, USC California Fresno St
76%
West Virginia West Virginia Marshall
76%
Charlotte, Duke, East Carolina, North Carolina,North Carolina St, Wake Forest North Carolina Appalachian St
68%
Akron, Cincinnati, Kent St, Miami U,Ohio, Ohio St, Toledo Ohio Bowling Green
68%
Baylor, Houston, Rice, Sam Houston St,SMU, TCU, Texas, Texas AM, Texas Tech, UTEP, UTSA Texas North Texas
63%
James Madison, Old Dominion, Virginia, Virginia Tech Virginia Liberty
49%
No matching quizzes found
Score Distribution
Percent of People with Each Score
Percentile by Number Answered
Your Score History
You have not taken this quiz